Vista normal Vista MARC

Entrada Topical Term

Número de registros utilizados en: 1

001 - CONTROL NUMBER

  • control field: 41854

003 - CONTROL NUMBER IDENTIFIER

  • control field: OSt

005 - DATE AND TIME OF LATEST TRANSACTION

  • control field: 20220106161827.0

008 - FIXED-LENGTH DATA ELEMENTS

  • fixed length control field: 220106|| aca||aabn | a|a d

040 ## - CATALOGING SOURCE

  • Original cataloging agency: OSt
  • Transcribing agency: OSt

150 ## - HEADING--TOPICAL TERM

  • Topical term or geographic name entry element: Crédito.
  • Form subdivision: Guía

670 ## - SOURCE DATA FOUND

  • Source citation: Work cat.: (OSt)15656: Argentina. Ministerio de Economía y Finanzas Públicas 40096, Guía de procedimientos para desestacionalizar series armonizadas monetarias y de crédito en el MERCOSUR / , 2011.